Test your word power (Record no. 87120)

MARC details
000 -LEADER
fixed length control field 00354pam a2200169 a 4500
020 ## - INTERNATIONAL STANDARD BOOK NUMBER
Terms of availability
040 ## - CATALOGING SOURCE
Original cataloging agency GJVL_380014
041 ## - LANGUAGE CODE
Language code of text/sound track or separate title Eng
082 ## - DEWEY DECIMAL CLASSIFICATION NUMBER
Classification number 425
Item number AGE
100 ## - MAIN ENTRY--PERSONAL NAME
Personal name Agel, Jerome B
245 ## - TITLE STATEMENT
Title Test your word power
Medium Paper
250 ## - EDITION STATEMENT
Edition statement 1st ed
260 ## - PUBLICATION, DISTRIBUTION, ETC.
Place of publication, distribution, etc. [S.l.]
Name of publisher, distributor, etc. Ballantine Books
Date of publication, distribution, etc. 1984
300 ## - PHYSICAL DESCRIPTION
Extent 272
365 ## - TRADE PRICE
Price type code 30.00
930 ## - EQUIVALENCE OR CROSS-REFERENCE-UNIFORM TITLE HEADING [LOCAL, CANADA]
Uniform title 10215
Holdings
Withdrawn status Lost status Damaged status Not for loan Collection Home library Current library Date acquired Source of acquisition Cost, normal purchase price Total Checkouts Full call number Barcode Date last seen Copy number Price effective from Koha item type
          Yashwantrao Mohite College of Arts, Science And Commerce, Pune Yashwantrao Mohite College of Arts, Science And Commerce, Pune 13/06/2021 Varma Book Centeer 25.00   425 AGE YMP-31374 24/02/2023 1 24/02/2023 Book